000 00589nam a2200229Ia 4500
003 OSt
005 20230406095754.0
008 210423s2009 xx 000 0 und d
020 _a8130902427
040 _cAL
041 _aeng
082 _a330.0151SIMM
_223
100 _aSIMON (Carl P);BLUME (Lawrence)
_984009
245 _aMathematics for economists
260 _aNew Delhi
_bViva Books Pvt Ltd
_c2009
300 _axxiv,930
_bPB
365 _b495
_cINR
650 _aEconomics
_984010
650 _aEconomics
_984010
906 _aeconomists ; Mathematics
942 _2ddc
_cBK
999 _c158804
_d158804